|
|
|
|
| LEADER |
00000nab a2200000 a 4500 |
| 001 |
vtls000783580 |
| 003 |
SK-MaSNL |
| 005 |
20260304105045.0 |
| 008 |
250429c2001 xo 0 slo |
| 015 |
|
|
|a SNBRB2002/02-05792
|
| 035 |
|
|
|a CLN000135272
|
| 035 |
|
|
|a urn:nbn:sk:snk-ab76ce
|
| 035 |
|
|
|a (uuid)ef203874-948b-424a-9e88-04e3dcf68ece
|
| 035 |
|
|
|a (urnnbn)urn:nbn:sk:snk:ar-a071k0
|
| 035 |
|
|
|a (sysno)vtls000783580
|
| 040 |
|
|
|a SNKBUCL
|b slo
|c SNKBUCL
|e AACR2
|
| 041 |
0 |
|
|a slo
|
| 044 |
|
|
|a xo
|c SK
|
| 080 |
|
|
|a 312(437.6)
|2 1997
|
| 100 |
1 |
|
|a Jakubovie, Zlata,
|d 1957-
|4 aut
|9 47953
|
| 245 |
1 |
0 |
|a Sčítanie obyvateľov, domov a bytov 2001 - Žilinský kraj
|c Zlata Jakubovie, Vladimír Trebichavský
|
| 300 |
|
|
|b Tab.
|
| 648 |
|
7 |
|a 2001
|2 snkbucl
|9 296180
|
| 650 |
0 |
7 |
|a sčítanie obyvateľstva
|2 snkbucl
|9 4658
|
| 650 |
0 |
7 |
|a sčítanie domov
|2 snkbucl
|9 344829
|
| 650 |
0 |
7 |
|a sčítanie bytov
|2 snkbucl
|9 344828
|
| 651 |
|
7 |
|a Žilinský samosprávny kraj (Slovensko)
|2 snkbucl
|9 22389
|
| 700 |
1 |
|
|a Trebichavský, Vladimír
|4 aut
|9 301889
|
| 773 |
0 |
|
|t Slovenská štatistika a demografia
|g Roč. 11, č. 4 (2001), s. 76-88
|x 1210-1095
|
| 850 |
|
|
|a Slovenská národná knižnica
|
| 852 |
|
|
|a Slovenská národná knižnica
|
| 954 |
|
|
|a odborná, vedecká literatúra pôvodná (slovenská)
|2 lita
|
| 958 |
|
|
|a article27
|
| 958 |
|
|
|a OND
|
| 958 |
|
|
|a EUIPO
|
| 999 |
|
|
|c 2854113
|d 2856043
|